Kraje , nazwa których zaczyna się na B - Statystyki

Ogólne statystyki
  • Ten quiz został rozwiązany 106 razy
  • Średni wynik to 10 z 17
Statystyki odpowiedzi
Kraje % Poprawnych
Brazylia
88%
Belgia
80%
Białoruś
80%
Boliwia
74%
Bułgaria
69%
Bangladesz
63%
Bahamy
59%
Bhutan
58%
Botswana
58%
Barbados
57%
Belize
56%
Bośnia i Hercegowina
54%
Burundi
54%
Brunei
52%
Benin
51%
Burkina Faso
48%
Bahrajn
46%
Nie znaleziono quizów pasujących do podanych kryteriów
Rozkład punktacji
Procent ludzi z każdym wynikiem
Percentyl według liczby udzielonych odpowiedzi
Twoja historia wyników
Nie rozwiązałeś tego quizu